00373nam a2200121Ia 4500008004100000082001600041100002100057245004100078260004400119365000600163630004100169730004100210100415s9999 xx 000 0 und d b5558a954.3 aCrawford Arthur aOur Troubles in Poona and the Deccan aHOLLANDc1897bARCHIBALD CONSTABLE & CO b0 aOur Troubles in Poona and the Deccan aOur Troubles in Poona and the Deccan